00611nam a2200181 4500001000700000003000900007005001700016007000300033008004100036100003700077245006400114250001200178260003400190300003200224852003200256999001900288952012200307111002ES-MaACL20230906185225.0t|061121s1971 sp r ||||1| spa d1 aNavarro Valls, Joaquín.98517813aLa manipulación publicitaria / cJoaquín Navarro Valls. a1ª ed. aBarcelona : bDopesa, c1971. a248 p., 8 lám. ; c18 cm. aES-MaACLjC-45902 bR.79125 c111002d111002 00104070aATENEOMbATENEOMcDEPO2d2008-01-17eSCl0oC-45902p1115814r2023-02-23 00:00:00w2023-02-23yMONOGRAFIA